Výber a porovnanie metód riadenia prístupu pre VoIP

Saved in:
Bibliographic Details
Main Author: Polakovič, Samuel (Author)
Other Authors: Baroňák, Ivan (Thesis advisor)
Format: Manuscript Book
Language:Slovak
Published: Bratislava : STU v Bratislave FEI, 2025
Subjects:
Online Access:https://opac.crzp.sk/?fn=detailBiblioFormChildA5C8C&sid=8D80AD18777FCC7F65B4B64DC29E&seo=CRZP-detail-kniha
Tags: Add Tag
No Tags, Be the first to tag this record!

MARC

LEADER 00000ntm a22000003a 4500
001 stuzp102067
003 SK-STU
005 20260206103029.0
007 ta
008 150427s2015----xo-----f-mn---000-0-slo-d
040 |a STU  |b slo 
041 0 |a slo 
044 |a xo 
100 1 |a Polakovič, Samuel  |u 037000  |4 aut  |U FEI Fakulta elektrotechniky a informatiky  |T FEI Ústav multimediálnych informačných a komunikačných technológií  |X 111381  |U E070  |Y 818  |7 111381 
242 0 1 |a Selection and comparison of access control methods for VoIP  |y eng 
245 1 0 |a Výber a porovnanie metód riadenia prístupu pre VoIP 
260 |a Bratislava :  |b STU v Bratislave FEI,  |c 2025 
300 |a 36 s. 
650 4 |a AC metódy  |2 slo 
650 4 |a VoIP  |2 slo 
650 4 |a Hoeffdingova hranica  |2 slo 
650 4 |a Jednoduchá suma  |2 slo 
650 4 |a Gaussová metóda  |2 slo 
650 4 |a Difúzna metóda  |2 slo 
650 4 |a AC methods  |2 eng 
650 4 |a Gaussian method  |2 eng 
650 4 |a Simple sum  |2 eng 
650 4 |a VoIP  |2 eng 
650 4 |a Hoeffding bound  |2 eng 
650 4 |a diffuse method  |2 eng 
700 1 |a Baroňák, Ivan  |u 037000  |k Z1  |4 ths  |U FEI Fakulta elektrotechniky a informatiky  |T FEI Ústav multimediálnych informačných a komunikačných technológií  |X 1925  |U E070  |Y 818  |7 A000001925 
856 4 |u https://opac.crzp.sk/?fn=detailBiblioFormChildA5C8C&sid=8D80AD18777FCC7F65B4B64DC29E&seo=CRZP-detail-kniha